000 00285nam a22001217a 4500
008 171005b xxu||||| |||| 00| 0 eng d
041 _aeng
080 _a159.9
100 _a49
101 _aPSI
245 _aEXPLORATIONS IN INTERPERSONAL COMMUNICATION
_cMILLER,G.R
942 _2udc
_cBK
999 _c32094
_d32094